书目信息 |
| 题名: |
敦煌史话
|
|
| 作者: | 杨宝玉 著 | |
| 分册: | ||
| 出版信息: | 北京 中国大百科全书出版社 2003.01 |
|
| 页数: | 179页 | |
| 开本: | 19cm | |
| 丛书名: | 中华文明史话 | |
| 单 册: | ||
| 中图分类: | K870.6-09 | |
| 科图分类: | ||
| 主题词: | 地方史--Di Fang Shi--敦煌市--古代 , 敦煌学--Dun Huang Xue--研究 | |
| 电子资源: | ||
| ISBN: | 7-5000-6338-5 | |
| 000 | 01008nam 2200313 45 | |
| 001 | 073000000346 | |
| 005 | 20040117110112.0 | |
| 010 | @a7-5000-6338-5@dCNY14.96 | |
| 099 | @aCAL 012001385576 | |
| 100 | @a20050117d2003 em y0chiy0120 ea | |
| 101 | 0 | @achi |
| 102 | @aCN@b110000 | |
| 105 | @ab a 000yd | |
| 200 | 1 | @a敦煌史话@Adun huang shi hua@f杨宝玉 |
| 210 | @a北京@c中国大百科全书出版社@d2003.01 | |
| 215 | @a179页@c地图@d19cm | |
| 225 | 2 | @a中华文明史话@AZhong Hua Wen Ming Shi Hua |
| 320 | @a有书目(第175-177页) | |
| 330 | @a本书阐述了敦煌历史文化及其在中华文明史上所处的重要地位,特别是举世闻名的莫高窟和封存的数万件古籍文书促成了敦煌学的诞生与发展。 | |
| 410 | 0 | @12001 @a中华文明史话 |
| 606 | 0 | @a地方史@ADi Fang Shi@y敦煌市@z古代 |
| 606 | 0 | @a敦煌学@ADun Huang Xue@x研究 |
| 690 | @aK870.6-09@v4 | |
| 701 | 0 | @a杨宝玉@Ayang bao yu@4著 |
| 801 | 0 | @aCN@bNUL@c20010928 |
| 905 | @aBZT@dK870.6-09@e1 | |
| 906 | @dCNY748.00(全套)@n0@r1 | |
| 920 | @a232010@z1 | |
| 998 | @aNUL | |
| 敦煌史话/杨宝玉.-北京:中国大百科全书出版社,2003.01 |
| 179页:地图;19cm.-(中华文明史话) |
| ISBN 7-5000-6338-5:CNY14.96 |
| 本书阐述了敦煌历史文化及其在中华文明史上所处的重要地位,特别是举世闻名的莫高窟和封存的数万件古籍文书促成了敦煌学的诞生与发展。 |
| ● |
| 相关链接 |
|
|
|
正题名:敦煌史话
索取号:K870.6-09/1
 
预约/预借
| 序号 | 登录号 | 条形码 | 馆藏地/架位号 | 状态 | 备注 |
| 1 | 403306 | 210327813 | 中心书库南/015架A面4层1列/ [索取号:K870.6-09/1] | 在馆 | |
| 2 | 403307 | 210327822 | 中心书库南/015架A面4层1列/ [索取号:K870.6-09/1] | 在馆 | |
| 3 | 403308 | 210327831 | 中心书库南/015架A面4层1列/ [索取号:K870.6-09/1] | 在馆 | |
| 4 | 403309 | 210327840 | 中心书库南/015架A面4层1列/ [索取号:K870.6-09/1] | 在馆 | |
| 5 | 403310 | 210327859 | 中心书库南/015架A面4层1列/ [索取号:K870.6-09/1] | 在馆 | |
| 6 | 403311 | 210327868 | 中心书库南/015架A面4层1列/ [索取号:K870.6-09/1] | 在馆 | |
| 7 | 403312 | 210327877 | 中心书库南/015架A面4层1列/ [索取号:K870.6-09/1] | 在馆 | |
| 8 | 403313 | 210327886 | 中心书库南/015架A面4层1列/ [索取号:K870.6-09/1] | 在馆 | |
| 9 | 403314 | 210327895 | 中心书库南/015架A面4层1列/ [索取号:K870.6-09/1] | 在馆 | |
| 10 | 403315 | 210327902 | 中心书库南/015架A面4层1列/ [索取号:K870.6-09/1] | 在馆 |